Pictorial encyclopedia of birds (Record no. 2900)
[ view plain ]
| 000 -LEADER | |
|---|---|
| fixed length control field | 00329nam a22001337a 4500 |
| 008 - FIXED-LENGTH DATA ELEMENTS--GENERAL INFORMATION | |
| fixed length control field | 230523b |||||||| |||| 00| 0 eng d |
| 020 ## - INTERNATIONAL STANDARD BOOK NUMBER | |
| International Standard Book Number | 9780600030784 |
| 082 ## - DEWEY DECIMAL CLASSIFICATION NUMBER | |
| Classification number | 598.203 HANP |
| 100 ## - MAIN ENTRY--PERSONAL NAME | |
| Personal name | HANZAK,J |
| 245 ## - TITLE STATEMENT | |
| Title | Pictorial encyclopedia of birds |
| 260 ## - PUBLICATION, DISTRIBUTION, ETC. | |
| Place of publication, distribution, etc. | Newyork |
| Name of publisher, distributor, etc. | Paul Hamlyn |
| Date of publication, distribution, etc. | 1976 |
| 300 ## - PHYSICAL DESCRIPTION | |
| Extent | 581p. |
| 942 ## - ADDED ENTRY ELEMENTS (KOHA) | |
| Source of classification or shelving scheme | Dewey Decimal Classification |
| Koha item type | Book |
| Withdrawn status | Lost status | Source of classification or shelving scheme | Damaged status | Not for loan | Collection code | Home library | Current library | Date acquired | Source of acquisition | Full call number | Barcode | Date last seen | Price effective from | Koha item type | Public note |
|---|---|---|---|---|---|---|---|---|---|---|---|---|---|---|---|
| Dewey Decimal Classification | Non-fiction | RIC Library | RIC Library | 05/23/2023 | HCM RIPA | 598.203 HANP | 002290 | 05/23/2023 | 05/23/2023 | Book | R-9.3 |
